Management lives : power and identity in work organizations

Αποθηκεύτηκε σε:
Λεπτομέρειες βιβλιογραφικής εγγραφής
Κύριος συγγραφέας: Knights, David
Άλλοι συγγραφείς: Willmott, Hugh
Μορφή: Βιβλίο
Γλώσσα:English
Δημοσίευση: London : Sage, c1999
Θέματα:
Ετικέτες: Προσθήκη ετικέτας
Δεν υπάρχουν, Καταχωρήστε ετικέτα πρώτοι!

MARC

LEADER 00000nam a2200000 i 4500
001 1/56693
008 071003s1999 eng d
020 |a 0-8039-8333-6 (hbk) 
020 |a 0-8039-8334-4 (pbk) 
035 |l 10091190 
040 |a GR-MY-UA  |b gre  |e aacr 
041 0 |a eng 
082 0 |a 658  |2 (22) 
100 1 |a Knights, David. 
245 1 0 |a Management lives :  |b power and identity in work organizations /  |c David Knights and Hugh Willmott 
260 |a London :   |b Sage,   |c c1999 
300 |a x, 174 σ.;  |b εικ.;  |c 23 εκ. 
504 |a Περιλαμβάνει βιβλιογραφίες και ευρετήριο. 
650 0 0 |a Management. 
650 0 0 |a Work environment. 
650 0 0 |a Corporate culture. 
650 0 0 |a Identity (Psychology) 
700 1 |a Willmott, Hugh. 
852 |a INST  |b SYROS  |e 20071003  |h 658 KNI  |p 005500007083  |q 005500007083  |t BK  |y 0 
901 |a BIBL5-2007-3 
909 |a Ε  |b 138001 
922 |a 5ΕΛΗ  |b 200707  |c ΕΠΕΑΕΚ2/ΤΜΣΠΣ  |d ΕΛΕΥΘΕΡΟΥΔΑΚΗΣ 
970 |a ΚΑΓΙΑΒΑ  |b ΕΙΡΗΝΗ  |z 2007/10/03